اسلامیات لازمی (Record no. 65148)

MARC details
000 -LEADER
fixed length control field 00232nam a22001097a 4500
082 ## - DEWEY DECIMAL CLASSIFICATION NUMBER
Classification number 954
100 ## - MAIN ENTRY--AUTHOR NAME
Personal name مشتاق٫ مسرور
245 ## - TITLE STATEMENT
Title اسلامیات لازمی
260 ## - PUBLICATION, DISTRIBUTION, ETC. (IMPRINT)
Place of publication حیدرآباد
300 ## - PHYSICAL DESCRIPTION
Number of Pages 295P
942 ## - ADDED ENTRY ELEMENTS (KOHA)
Koha item type Books
Holdings
Withdrawn status Lost status Home library Current library Date acquired Full call number Accession Number Koha item type
    Central Library, QUEST, Nawabshah Central Library, QUEST, Nawabshah 09/07/2019 954 R4410 Books